LEADER 01173nam 2200337 a 450 001 9910701810703321 005 20120626153539.0 035 $a(CKB)5470000002422005 035 $a(OCoLC)796841222 035 $a(EXLCZ)995470000002422005 100 $a20120626d2012 ua 0 101 0 $aeng 135 $aurbn||||||||| 181 $ctxt$2rdacontent 182 $cc$2rdamedia 183 $acr$2rdacarrier 200 10$aClaims$b[electronic resource] $eagreement between the United States of America and Albania amending the agreement of March 10, 1995, effected by exchange of notes at Tirana, November 18, 2005 and April 27, 2006 210 1$a[Washington, D.C.] :$cU.S. Dept. of State,$d[2012?] 215 $a1 online resource (9 unnumbered pages) 225 1 $aTreaties and other international acts series ;$v06-427 300 $aTitle from title screen (viewed on June 26, 2012). 517 $aClaims 607 $aUnited States$xClaims 607 $aAlbania$xClaims 712 02$aUnited States.$bDepartment of State. 801 0$bGPO 801 1$bGPO 906 $aBOOK 912 $a9910701810703321 996 $aClaims$92317291 997 $aUNINA LEADER 02255oam 2200601zu 450 001 9910376074303321 005 20210807003215.0 035 $a(CKB)1000000000811915 035 $a(SSID)ssj0000722230 035 $a(PQKBManifestationID)12308934 035 $a(PQKBTitleCode)TC0000722230 035 $a(PQKBWorkID)10695480 035 $a(PQKB)10066577 035 $a(Association for Computing Machinery)10.1145/258305 035 $a(EXLCZ)991000000000811915 100 $a20160829d1997 uy 101 0 $aeng 135 $aurnn|008mam|a 181 $ctxt 182 $cc 183 $acr 200 10$aFPGA '97 : 1997 ACM Fifth International Symposium on Field- Programmable Gate Arrays : February 9-11, 1997, Monterey Beach Hotel, Monterey, California, USA 210 31$a[Place of publication not identified]$cACM Press$d1997 215 $a1 online resource (174 p.;) 225 1 $aACM Conferences 300 $aBibliographic Level Mode of Issuance: Monograph 311 $a0-89791-801-0 410 0$aACM Conferences 517 3 $aFPGA '97 606 $aField programmable gate arrays$vCongresses 606 $aProgrammable array logic$vCongresses 606 $aGate array circuits$vCongresses 606 $aProgrammable logic devices$vCongresses 606 $aElectrical & Computer Engineering$2HILCC 606 $aEngineering & Applied Sciences$2HILCC 606 $aElectrical Engineering$2HILCC 615 0$aField programmable gate arrays 615 0$aProgrammable array logic 615 0$aGate array circuits 615 0$aProgrammable logic devices 615 7$aElectrical & Computer Engineering 615 7$aEngineering & Applied Sciences 615 7$aElectrical Engineering 676 $a621.39/5 700 $aEbeling$b Carl$0977524 712 02$aAssociation for Computing Machinery 712 02$aACM Special Interest Group on Design Automation 712 12$aACM International Symposium on Field-Programmable Gate Arrays 801 0$bPQKB 906 $aBOOK 912 $a9910376074303321 996 $aFPGA '97 : 1997 ACM Fifth International Symposium on Field- Programmable Gate Arrays : February 9-11, 1997, Monterey Beach Hotel, Monterey, California, USA$92227075 997 $aUNINA